Human rights in transnational business: translating human rights obligations into compliance procedures

Uloženo v:
Podrobná bibliografie
Hlavní autor: Wetzel, Julia Ruth-Maria (Autor)
Médium: Kniha
Jazyk:angličtina
Vydáno: Amsterdam Springer 2015
Vydání:1a. ed
Témata:
Tagy: Přidat tag
Žádné tagy, Buďte první, kdo vytvoří štítek k tomuto záznamu!

MARC

LEADER 00000cam a2200000 a 4500
001 UCC3583
003 CL-VaPUC
008 180527e20150000ne |||||||||||||||||eng|d
020 |a 9783319313245 
082 0 4 |a 323.4  |b WET  |2 21 
100 0 |a Wetzel, Julia Ruth-Maria  |e author  |9 597622 
245 1 0 |a Human rights in transnational business: translating human rights obligations into compliance procedures 
250 |a 1a. ed 
300 |a 265 p 
942 |c BK 
945 |d 20180527 18:33:00  |a arojas 
260 |a Amsterdam  |b Springer  |c 2015 
650 0 |a Responsabilidad social empresarial  |9 525230 
650 0 |a Globalización  |9 361930 
650 0 |a Derechos humanos  |9 223025 
650 0 |a Derecho natural   |9 255041 
583 |a last modification  |c 20180527 18:33:00  |k Rodrigo Vera 
999 |c 371277  |d 371275 
952 |0 0  |1 0  |3 erd  |4 0  |6 323_400000000000000_WET_2015  |7 0  |8 A  |9 488226  |a BIBDER  |b BIBDER  |i 5472164  |o 323.4 WET 2015  |p 5472164  |r 2023-01-25  |w 2019-11-24  |y BK  |z Catalogado en:20180527  |k DER